• 首页
  • 本馆介绍
  • 公告通知
  • 最新文献
  • 馆藏检索
  • 电子资源
  • 读者导购
  • 参考咨询
  • 我的图书馆
  • 登录
  • 详细信息显示
  • 放入我的书架
  • 预约/预借图书
  • 作者相关作品
  • 分类相关作品
  • 丛书相关作品
  • 出版社相关作品

书目信息

  • 表格格式
  • 工作单格式
  • 卡片格式
题名:
电学和磁学的量和单位
    
 
作者: 袁楠 编
分册:  
出版信息: 北京   计量出版社  1983
页数: 32页
开本: 20cm
丛书名: 量和单位丛书
单 册:
中图分类: O44
科图分类:
主题词: 电磁学 , 电动力学
电子资源:
ISBN:
000 00607nam0 2200229 450
001 0639799155
005 20060731110534.90
010    @dCNY0.18
100    @a20060731d1983 km y0chiy0120 ea
101 0  @achi
102    @aCN@b110000
200 1  @a电学和磁学的量和单位@Adian xue he ci xue de liang he dan wei@f袁楠编@Fyuan nan bian
210    @a北京@c计量出版社@d1983
215    @a32页@d20cm
225    @a量和单位丛书@v7
410  0 @12001 @a量和单位丛书
606 0  @a电磁学
606 0  @a电动力学
690    @aO44@v3
701  0 @a袁楠@Ayuan nan@4编
801  0 @aCN@bPFT@c20060731
905    @a10447@dO44@e6
    
    电学和磁学的量和单位/袁楠编.-北京:计量出版社,1983
    32页;20cm.-(量和单位丛书;7)
    
    
    ISBN :CNY0.18
    
●
相关链接 在E读中查询图书 在五车中查询图书 在当当中查询图书 在豆瓣中查询图书


正题名:电学和磁学的量和单位     索取号:O44/6         预约/预借

序号 登录号 条形码 馆藏地/架位号 状态 备注
1 0434054   204340542   密集书库/ [索取号:O44/6] 在馆    
唐山师范学院图书馆 欢迎您!
大连网信软件有限公司© 版权所有